000 00624nam a2200229 i 4500
001 15148
003 ES-MaACL
005 20230906151012.0
007 t|
008 991227s1998 sp ||||1| spa d
020 _a84-7517-547-3
080 _a821.134.2-14"19"
100 1 _aMunárriz, Jesús.
_984170
245 1 0 _aCorazón independiente /
_cJesús Munárriz.
250 _a1ª ed.
260 _aMadrid :
_bHiperión,
_c1998.
300 _a100 p. ;
_c20 cm.
490 1 _aPoesía Hiperión ;
_v313
830 0 _aPoesía Hiperión ;
_v313
_9177326
852 _aES-MaACL
_jL-22293
_bR.127684
999 _c15148
_d15148